MDQL
is popping MORE tags! Check the
thread
!
Quizzes
Events
Quiz Creation
Community
Videos
Private Events
Remove Ads
Sign In
Join for FREE
Feedback
Dark Mode
Quiz Categories
Sports
Geography
Music
Movies
Television
Just For Fun
Miscellaneous
History
Literature
Language
Science
Gaming
Entertainment
Religion
Holiday
For Kids
Quiz Lab
Recent
Popular Today
Quiz Kudos Today
Editor Picks
Curator Picks
Quizzes by...
Day
Popularity
Type
Ratings
Length
Year
Community
Subscriptions
Recent Discussions
Orange Saloon
Badges
Playlists
Quests
Create
Leaderboards
Showdown
Live 5
Trivia Bingo
Activity
Puzzle Library
Sporcle Events
Private Events
Virtual Trivia
Globe League
Become a Host
Pub Owners
SporcleCon
Opinionation
Our Games
Videos
Blog
Mobile Apps
Partnerships
Remove Ads and Go Orange
Feedback
Literature
Harry Potter
A Song of Ice and Fire
The Hunger Games
Literary Character
Shakespeare
Book
Author
Novel
Poem
Young Adult
Children's Books
Play
Lord of the Rings
Literature
Harry Potter
A Song of Ice and Fire
The Hunger Games
Literary Character
Shakespeare
Book
Author
Novel
Poem
Young Adult
Children's Books
Play
Lord of the Rings
Random Quiz
Search Sporcle
×
Quiz Lab
Quiz Lab
Literature
Harry Potter
Type in answers that appear in a list
Type in answers that appear in a list
Classic
Best Score? Go Orange.
Spells of Harry Potter quiz Stats
Can you name the spells of Harry Potter?
By
weasleybill
20m
77 Questions
126 Plays
126 Plays
126 Plays
Comments
Comments
Give Quiz Kudos
Give Quiz Kudos
-
- Ratings
hide this ad
Replay
Link that replays current quiz
Next Quiz
Link to next quiz in quiz playlist
You Got
0%
They Got
Avg Score
33%
Avg Friend Score
Upgrade to see
Score Distribution
Jump to the score distribution portion of the page
Score
0/77
Timer
20:00
0
Plays Today
what the spell does
incantation
% Correct
provides light
lumos
96%
summoning charm
accio
83.3%
summoning charm
accio
83.3%
unlocks a door
alohomora
75.4%
hangs person by ankle
levicorpus
70.6%
water spell
Aguamenti
68.3%
causes pain
crucio
65.9%
lights on fire
incendio
64.3%
gives the castor control over someone
imperio
58.7%
counter for lumos
nox
57.1%
invades someone's mind
legilimens
56.3%
reductor curse
reducto
54.8%
Engorgement charm
engorgio
53.2%
levitation charm
wingardium leviosa
52.4%
shield charm
protego
49.2%
conjures birds
avis
48.4%
memory charm
obliviate
46%
fixing charm
reparo
46%
dark cutting hex (used on draco)
sectumsempra
45.2%
causes an explosion
bombarda
44.4%
microphone/
loudspeaker spell
sonorus
42.9%
boggart spell
riddikulus
42.1%
stunning spell
stupefy
42.1%
severing charm
Diffindo
38.9%
silencing charm
silencio
38.9%
full body bind
petrificus totalus
38.1%
muffles conversation
muffliato
37.3%
Impediment Jinx
Impedimenta
36.5%
locking spell
Colloportus
35.7%
shrinking spell
reducio
31.7%
Vanishing Spell
evanesco
31%
sends a wad of gum up someone's nose
waddiwasi
30.2%
clears a blocked airway
anapneo
30.2%
causes wand to point north
point me
30.2%
repairs broken glasss
Oculus Reparo
29.4%
turns object into portkey
portus
29.4%
glues the toungue to the top of the mouth
langlock
28.6%
blasting curse
confringo
27%
summons a snake
serpensortia
27%
what the spell does
incantation
% Correct
multiplies an object
gemino
26.2%
tickle charm
rictusempra
26.2%
the other explosion spell
expulso
25.4%
water proofing charm
Impervius
25.4%
release charm
relashio
25.4%
sends conjured objects flying to attack
oppugno
24.6%
causes front teeth to grow
Densaugeo
24.6%
summons the dark mark
morsmorde
23.8%
scouring charm
scourgify
23.8%
ties someone up in ropes
Incarcerous
23%
counter to sonorus
quietus
23%
revives a stunned person
rennervate
22.2%
slows a falling body
Aresto Momentum
21.4%
freezing charm
immobulus
20.6%
Human-
Presence-
Revealing Spell
Homenum Revelio
19.8%
causes flowers to sprout from a wand
orchideous
19.8%
banishing charm
depulso
19.8%
heals broken bones
episky
19%
Knockback Jinx
flipendo
19%
pimple/
boil Jinx
furnunculus
19%
leg-
locking curse
Locomotor Mortis
18.3%
Tongue-
Tying Curse
Mimblewimble
17.5%
waterproof blue flames
bluebell flames
16.7%
Dancing Feet Spell
tarantallegra
16.7%
counters most spells, hexes and jinxes
finite incantatem
15.9%
shows last spell cast
priori incantato
15.9%
siphons liquid
tergeo
15.9%
stickfast hex
colloshoo
15.1%
levitates and moves bodies
Mobilicorpus
15.1%
confundus charm
cunfundo
14.3%
killing curse
avada kedravra
13.5%
jelly-
legs jinx
Locomotor Wibbly
12.7%
patronus charm
expecto patronun
10.3%
causes an object to grow hot and burn whomever touches it
flagrante
9.5%
counter to levicorpus
libracorpus
9.5%
disarming charm
expelliaramus
7.9%
tickle hex
titillando
7.9%
creates bandage and splint
furula
7.1%
Quiz Playlist
Details
Report
Send in Message
Add To Playlist
Classic:
Type in answers that appear in a list
Last Updated: Feb 16, 2017
Quiz Scoreboard
CHALLENGE
Sign Up to Join the Scoreboard
Show All
Scores
Hide
Comments
May contain spoilers
Recently Published
Image Sorting: Flags VI
by Barbecue
Geography
2m
Find the 'City' Movie
by crazypaving
Movies
60s
Colored Red Africa Blitz
by spor1
Geography
45s
More to Explore
Quiz From the Vault
Featured Blog Post
14 Easter Pick-up Lines to Find Eggs With
hide this ad
You Might Also Like...
Tags
Harry Potter Quiz
Harry Potter Spells
magic
Wizard
Wizarding
Today's Top Quizzes in Literature
Browse Literature
hide this ad
Today's Top Quizzes in Harry Potter
Browse Harry Potter
Top Contributed Quizzes in Literature
1
Sneaky Slytherin Logic Puzzle
2
Harry Potter logic puzzle: The Hogwarts Soap Opera
3
Get The Picture: Black or White Literature
4
Harry Potter Slytherin Logic Puzzle
5
'Middle' Earth
6
ASOIAF Siblings Logic Puzzle
7
Logic Puzzle: Avoid Dumbledore's Army
8
A Song of Ice and Fire Logic Puzzle
9
Harry Potter Logic Puzzle 1
10
Quick Pick: Easter in Book Titles
Explore More
Trending Topics
Harry Potter
NBA
Kpop
Crossword
Marvel
Anime
Disney
Soccer
Country
Song
NFL
Puzzle
Pokémon
The Office
WWE
hide this ad
More By:
weasleybill
Quiz
Plays
Rating
Category
Featured
Created
Spells of Harry Potter quiz
126
1.00
Literature
May 25, 2013
Go to Creator's Profile
Score Distribution
Quiz Creator Spotlight
weasleybill
Follow
Send a Message
Quizzes Created
-
Created Quiz Play Count
-
More By This Creator
Popular Quizzes Today
1
Colored Red Africa Blitz
2
Find the US States - No Outlines Minefield
3
Find the 'City' Movie
4
5x2 Blitz: Bands
5
The Countries of the World
6
Find the US States
7
Find the Countries of Europe - No Outlines Minefield
8
US States
More Literature Quizzes
The Last Word: Book Titles II
Published
Trending Quizzes
Colored Red Europe Blitz I
Colored Red Europe Blitz II
Colored Red Africa Blitz II
Colored Red Europe Blitz III
Colored Red Africa Blitz III
Recently Updated
How Do You Spell That?
pecheneg
Godzilla Movies
pecheneg
Grab Bag: 4-10 Letters
pecheneg
2024 March Madness Bracket
pecheneg
Famous TV Couples
Peacemaker
Champions League XIs: Real Madrid
pecheneg
Largest US Cities 1790-2010
pecheneg
Rides in Walt Disney World
pecheneg
Most Oscar Losses (Acting)
pecheneg
Beyoncé Albums
pecheneg
Trending Topics
Marvel
Harry Potter
NBA
Anime
Kpop
Crossword
Disney
Soccer
Country
Song
The Office
NFL
Pokémon
WWE
Puzzle
Your Account Isn't Verified!
In order to create a playlist on Sporcle, you need to verify the email address you used during registration. Go to your
Sporcle Settings
to finish the process.
Report this User
Report this user for behavior that violates our
Community Guidelines
.
Details:
Send Report
Go to the Sporcle.com Mobile Site →
Comments